000 00423pam a2200157a 44500
008 230515b2010 xxu||||| |||| 00| 0 eng d
020 _aNULL
041 _aENGLISH
082 _a615.5322
100 _aCCRH
245 _aIDENTIFICATION OF HOMOEOPATHIC DRUGS OF PLANTS ORIGIN
250 _a0
260 _aNEW DEHLI
_bCENTRAL COUNCIL FOR RESEARCH IN AYURVEDA GOV. OF INDIA
_c2010
300 _a153
650 _aPHARMACY
999 _c554514
_d554514